000 00464nam a2200181Ia 4500
001 3966
005 20260306145721.0
008 260306t2004||||xx |||||||||||||| ||spa||
041 _aESP
082 _a306
_bH94
100 _aHuntington Samuel P.
_eAUT
245 0 _a¿Quienes somos?:
_blos desafíos a la identidad nacional estadounidense
260 _c2004
300 _a488 páginas :
_c23 cm.
650 _aGEN
654 _aCHU
942 _cLIB
_dJUS
_fJUS
_2ddc
_n
999 _c3966
_d3966